Normal view
MARC view
Entry Personal Name
001 - CONTROL NUMBER
- control field: 81103
003 - CONTROL NUMBER IDENTIFIER
- control field: dpl
005 - DATE AND TIME OF LATEST TRANSACTION
- control field: 20250508114206.0
008 - FIXED-LENGTH DATA ELEMENTS
- fixed length control field: 250508|| aca||aabn | a|a d
040 ## - CATALOGING SOURCE
- Original cataloging agency: dpl
- Transcribing agency: dpl
100 ## - HEADING--PERSONAL NAME
- Personal name: Tula, Meenal
670 ## - SOURCE DATA FOUND
- Source citation: Work cat.: (dpl)211211: Tula, Meenal, Intimate Inheritance:, 2022
